000 00764cam a2200277 4500500
005 20260329004617.0
041 _afre
042 _adc
100 1 0 _ade Oliveira, Victorine
_eauthor
245 0 0 _aDécoloniser les esprits et les corps
260 _c2020.
500 _a77
690 _aAchille Mbembe
690 _aAimé Césaire
690 _aColonialisme
690 _aEdward Said
690 _aFrantz Fanon
690 _aKarl Marx
690 _aNoir
690 _aRace
690 _aRacisme
690 _aSartre
690 _aStuart Hall
786 0 _nPhilosophie magazine | 142 | 9 | 2020-09-01 | p. 76-79 | 1951-1787
856 4 1 _uhttps://shs.cairn.info/magazine-philosophie-magazine-2020-9-page-76?lang=fr&redirect-ssocas=7080
999 _c1835629
_d1835629